International Relations since the Twentyeth Century (Record no. 3388)

MARC details
000 -LEADER
fixed length control field 00435nam a22001697a 4500
005 - DATE AND TIME OF LATEST TRANSACTION
control field 20180223141553.0
008 - FIXED-LENGTH DATA ELEMENTS--GENERAL INFORMATION
fixed length control field 160621b xxu||||| |||| 00| 0 eng d
020 ## - INTERNATIONAL STANDARD BOOK NUMBER
ISBN 81-900997-2-8
041 ## - LANGUAGE CODE
Language code of text/sound track or separate title eng
082 ## - DEWEY DECIMAL CLASSIFICATION NUMBER
Item number 8750
Classification number 327
100 ## - MAIN ENTRY--AUTHOR NAME
Personal name Bhattacharga. D.C
245 ## - TITLE STATEMENT
Title International Relations since the Twentyeth Century
260 ## - PUBLICATION, DISTRIBUTION, ETC. (IMPRINT)
Name of publisher Vijaya Publicing house
Year of publication 2008
300 ## - PHYSICAL DESCRIPTION
Number of Pages 613
650 ## - SUBJECT ADDED ENTRY--TOPICAL TERM
Topical Term Management
942 ## - ADDED ENTRY ELEMENTS (KOHA)
Koha item type Books
Holdings
Lost status Damaged status Collection code Home library Current library Shelving location Date acquired Cost, normal purchase price Full call number Accession Number Koha item type
    LAW JRU Library JRU Library SHELF-29-F 21/06/2016 210.00 327 8750 Books
    Reference JRU Library   SHELF-30-J 21/06/2016 210.00 327 8751 Books